Finnish political parties (2020) - Statistics

General Stats
  • This quiz has been taken 51 times
  • The average score is 8 of 9
Answer Stats
Political Party % Correct
Centre Party / Keskusta
96%
National Coalition Party / Kokoomus
94%
Finns Party / Perussuomalaiset
91%
Social Democratic Party / Sosiaalidemokraattinen Puolue
91%
Green League / Vihreät
89%
Left Alliance / Vasemmistoliitto
87%
Christian Democrats / Kristillisdemokraatit
79%
Movement Now / Liike Nyt
79%
Swedish People's Party / Ruotsalainen Kansanpuolue
77%
No matching quizzes found
Score Distribution
Percent of People with Each Score
Percentile by Number Answered
Your Score History
You have not taken this quiz